Modern antenna handbook (Record no. 17184)

MARC details
000 -LEADER
fixed length control field 00571nam a2200181Ia 4500
003 - CONTROL NUMBER IDENTIFIER
control field IN-BaIIA
008 - FIXED-LENGTH DATA ELEMENTS--GENERAL INFORMATION
fixed length control field 211028s9999 xx 000 0 eng d
020 ## - INTERNATIONAL STANDARD BOOK NUMBER
International Standard Book Number 978-0-470-03634-1
040 ## - CATALOGING SOURCE
Transcribing agency IIA Library
080 ## - UNIVERSAL DECIMAL CLASSIFICATION NUMBER
Universal Decimal Classification number 621.396.67(035)
Item number MOD
245 #0 - TITLE STATEMENT
Title Modern antenna handbook
Statement of responsibility, etc. edited by C. A Balanis
260 ## - PUBLICATION, DISTRIBUTION, ETC.
Place of publication, distribution, etc. New Jersey
Name of publisher, distributor, etc. John Wiley & Sons
Date of publication, distribution, etc. 2008
300 ## - PHYSICAL DESCRIPTION
Extent xviii, 1680p.
650 ## - SUBJECT ADDED ENTRY--TOPICAL TERM
Topical term or geographic name entry element Antennas: Electronic
9 (RLIN) 32391
650 ## - SUBJECT ADDED ENTRY--TOPICAL TERM
Topical term or geographic name entry element Modern antennas - handbook
9 (RLIN) 32392
700 ## - ADDED ENTRY--PERSONAL NAME
Personal name Balanis, C. A ., ed.
9 (RLIN) 32393
942 ## - ADDED ENTRY ELEMENTS (KOHA)
Koha item type Books
Holdings
Withdrawn status Lost status Damaged status Not for loan Home library Current library Shelving location Date acquired Cost, normal purchase price Total Checkouts Full call number Barcode Date last seen Cost, replacement price Price effective from Koha item type Purchase Price
        IIA Library-Bangalore IIA Library-Bangalore General Stacks 09/02/2009 3737.00   621.396.67(035)/ MOD 18106 05/11/2021 3737.00 09/02/2009 Books Rs. 3737.00

Powered by Koha